00532nam a22001697a 450000500170000001000150001702000260003203500130005803700130007108200100008410000170009424500780011126000390018927000630022830000210029150000500031220100813170127.0 aENG-100369 a9788190690874c740.00 aEN-83901 bDBAD/PUB a808.9 aPatil, A. N. aHistory of ancient literature :boriental and classical /cby A. N. Patil aKanpurbBhasker Publicationsc2008 a73, Mangla Vihar-II, Behind Anoop HospitalbKanpure208015 a288p.c22cm (Hb) aIncludes bibliographical references and index